| 000 | 00577nam a2200193 a 4500 | ||
|---|---|---|---|
| 005 | 20240919064421.0 | ||
| 008 | 991125s1969 es 000 0 spa u | ||
| 035 | _aUPN01000046701 | ||
| 049 | _aCG | ||
| 050 | 4 |
_aHB87 _bB3.68 |
|
| 100 | 1 | _aBailey, Richard | |
| 245 | 1 | 0 |
_aProblemas de la economía mundial / _cRichard Bailey ; tr. de Ana Martínez Pujana. |
| 260 |
_aBarcelona [Esp.] : _bLabor, _c1969. |
||
| 300 | _a185 p. | ||
| 440 | 0 |
_aNueva colección labor ; _v99 |
|
| 650 | 4 |
_aEconomía internacional _914629 |
|
| 650 | 4 |
_aHISTORIA ECONOMICA - _y1945- |
|
| 905 | _aLibro | ||
| 999 |
_c46701 _d46701 |
||